000 00650nam a2200253Ia 4500
005 20260121161051.0
008 008 260114s9999 xx 000 0 eng d
020 _a9780429133534
037 _aEBOOK
040 _aCRL
040 _beng
040 _cCRL
041 _2eng
041 _aeng
084 _qCRL
100 _a Francisco Delgado-Vargas; Octavio Paredes-Lopez
_91039797
245 0 _aNatural Colorants for Food and Nutraceutical Uses
260 _bTaylor and Francis
260 _c2002
856 _uhttp://www.taylorfrancis.com/books/9780429133534
942 _cEBOOK
999 _c1606613
_d1606613